[Event "ACL-A091"]
[Site "www.playchess.de"]
[Date "2001.03.05"]
[Round "6"]
[White "yaroslav"]
[Black "Habi"]
[WhiteElo "1500"]
[BlackElo "1403"]
[PlyCount "48"]
[Result "0-1"]

1.f4 d5 2.Nf3 Nf6 3.e3 c6 4.g3 Bg4 5.h3 Bxf3 
6.Qxf3 Nbd7 7.c4 e5 8.d4 exd4 9.exd4 Bb4+ 10.Bd2 
Qe7+ 11.Qe2 Ne4 12.Nc3 Nxg3 13.Qxe7+ Bxe7 14.cxd5 
Nxh1 15.dxc6 bxc6 16.Bg2 Bh4+ 17.Kf1 Ng3+ 18.Kg1 
Rb8 19.Bxc6 Rxb2 20.Be1 Kd8 21.Nb5 Ne2+ 22.Kf1 
Bxe1 23.Rxe1 Re8 24.Nd6 Ng3+ 0-1

[Event "HCL-E025"]
[Site "www.playchess.de"]
[Date "2001.03.05"]
[Round "7"]
[White "Goofy"]
[Black "dzwonek"]
[WhiteElo "2159"]
[BlackElo "2346"]
[PlyCount "52"]
[Result "0-1"]

1.d4 f5 2.c4 Nf6 3.Nc3 g6 4.g3 Bg7 5.Bg2 O-O 6.Nh3 
d6 7.d5 c6 8.O-O e5 9.e6 Bxe6 10.Qd3 Nbd7 11.Qxd6 
Bxc4 12.Nf4 Re8 13.Rd1 Nb6 14.Qxd8 Raxd8 15.Be3 
Nbd5 16.Nfxd5 Nxd5 17.Nxd5 cxd5 18.Rd2 d4 19.Bg5 
Rd7 20.Be3 h6 21.Rad1 Red8 22.b3 Be6 23.Bf4 g5 
24.e3 gxf4 25.exd4 fxg3 26.hxg3 
Bxd4 0-1

[Event "HCL-C174"]
[Site "www.playchess.de"]
[Date "2001.03.05"]
[Round "6"]
[White "Pietros"]
[Black "jjbranc"]
[WhiteElo "1372"]
[BlackElo "1000"]
[PlyCount "65"]
[Result "1-0"]

1.e4 e5 2.Bc4 Nf6 3.Nf3 d6 4.O-O g6 5.Ng5 Be6 
6.Bxe6 fxe6 7.Nxe6 Qe7 8.Nxf8 Qxf8 9.d3 Nc6 10.Nc3 
O-O-O 11.Bg5 Nd4 12.Nd5 Nh5 13.Bxd8 Qxd8 14.c3 Ne6 
15.d4 Nhf4 16.dxe5 Nxd5 17.exd5 Nf4 18.Qg4+ Kb8 
{good move}  19.Qxf4 Rf8 20.Qe3 Re8 21.e6 b6 
22.Rfe1 Qf6 23.a4 h5 24.b4 {Thank you}  Qf5 25.Qf3 
Qg5 26.e7 h4 27.Qf7 Rxe7 28.Rxe7 h3 29.Qe8+ Kb7 
30.Qc6+ Ka6 31.Qc4+ Kb7 32.Qxc7+ Ka6 
33.Qc8+ 1-0

[Event "HCL-E022"]
[Site "www.playchess.de"]
[Date "2001.03.05"]
[Round "2"]
[White "Eagle"]
[Black "Goofy"]
[WhiteElo "2000"]
[BlackElo "2169"]
[PlyCount "34"]
[Result "0-1"]

1.d4 Nf6 2.c4 g6 3.Nc3 d5 4.cxd5 Nxd5 5.e4 Nxc3 
6.bxc3 Bg7 7.Bc4 O-O 8.Ne2 c5 9.O-O Nc6 10.f3 Qc7 
11.Be3 Rd8 12.Qb3 e6 13.d5 Na5 14.Qa4 Nxc4 15.Qxc4 
b6 16.Rad1 exd5 17.exd5 Bb7 0-1

[Event "HCL-A074"]
[Site "www.playchess.de"]
[Date "2001.03.05"]
[Round "31"]
[White "Eaglewingz"]
[Black "Hubble"]
[WhiteElo "1383"]
[BlackElo "1625"]
[PlyCount "47"]
[Result "1-0"]

1.e4 e5 2.Nf3 Nc6 3.Bb5 a6 4.Ba4 Nf6 5.O-O b5 
6.Bb3 Be7 7.Re1 d6 8.c3 O-O 9.h3 Na5 10.Bc2 c5 
11.d4 exd4 12.cxd4 Nb7 13.e5 dxe5 14.dxe5 Nd5 
15.Qd3 g6 16.Nc3 Nxc3 17.Qxc3 Qc7 18.a3 Re8 19.Bg5 
Bf8 20.Rad1 Bg7 21.Be4 Rb8 22.b4 Bxe5 23.Nxe5 Rxe5 
24.Bf4 1-0

[Event "HCL-B174"]
[Site "www.playchess.de"]
[Date "2001.03.05"]
[Round "15"]
[White "Gruhni"]
[Black "rafita"]
[WhiteElo "1350"]
[BlackElo "1365"]
[PlyCount "62"]
[Result "1/2-1/2"]

1.e4 {Hello from Frankfurt in Germany!}  Nf6 {hi, 
good luck!}  2.Nc3 d5 3.exd5 Nxd5 4.Nxd5 Qxd5 
5.Nf3 Bg4 6.Be2 Nc6 7.h3 Bh5 8.d4 O-O-O 9.c3 e6 
10.O-O Be7 11.Bf4 h6 12.Ne5 Bxe2 13.Qxe2 Nxe5 
14.Qxe5 Bd6 15.Qxd5 exd5 16.Bxd6 Rxd6 {I know it's 
more likely to be a draw, but I would prefer to 
play on}  17.Rfe1 Kd7 18.Re2 Re8 19.Rae1 Rde6 
20.Kf1 Kd6 21.R2xe6+ Rxe6 22.Rxe6+ Kxe6 23.Ke2 
{Still trying to win?}  Kf5 {yes...}  24.Ke3 {Ok, 
than I'm trying to win, too!}  h5 {Sure. After 
all, there are still some unfinished games in our 
tournament.}  25.f4 h4 26.b3 b5 27.b4 f6 28.a3 g5 
29.fxg5 fxg5 30.Kf3 c6 31.g4+ Kf6 1/2-1/2

[Event "HCL-A075"]
[Site "www.playchess.de"]
[Date "2001.03.05"]
[Round "35"]
[White "paule"]
[Black "hisamawi_s"]
[WhiteElo "1955"]
[BlackElo "1700"]
[PlyCount "55"]
[Result "1-0"]

1.e4 a6 2.d4 b5 3.Bd3 Bb7 4.Nf3 Nf6 5.Qe2 e6 6.O-O 
c5 7.c3 d5 8.e5 Nfd7 9.Bg5 Qb6 10.Nbd2 Nc6 11.dxc5 
Nxc5 12.Bc2 h6 13.Bf4 Be7 14.Nb3 Na4 15.Rab1 g5 
16.Bd2 Na5 17.Be3 Qc7 18.Nxa5 Qxa5 19.Qd1 Bc6 
20.Nd4 Bd7 21.Qh5 Qc7 22.f4 Rf8 23.fxg5 hxg5 
24.Bxg5 Qxe5 25.Nf5 Bxg5 26.Qxg5 f6 27.Qg6+ Kd8 
28.Qg7 1-0

[Event "HCL-B172"]
[Site "www.playchess.de"]
[Date "2001.03.05"]
[Round "8"]
[White "Tass"]
[Black "Michael"]
[WhiteElo "1377"]
[BlackElo "1200"]
[PlyCount "27"]
[Result "1-0"]

1.e4 e5 2.Nf3 Nc6 3.Bc4 Nf6 4.Nc3 Bc5 5.Ng5 Rf8 
6.a3 Qe7 7.d3 Kd8 8.O-O d6 9.Nd5 Nxd5 10.Bxd5 Qf6 
11.Nxh7 Qh4 12.Bg5+ Qxg5 13.Nxg5 Be6 
14.Bxe6 1-0

[Event "HCL-B172"]
[Site "www.playchess.de"]
[Date "2001.03.05"]
[Round "10"]
[White "uneek"]
[Black "Michael"]
[WhiteElo "1215"]
[BlackElo "1200"]
[PlyCount "59"]
[Result "1-0"]

1.d4 {Hello!  Good Luck! And a virtual handshake!} 
 d5 2.Nf3 Nc6 {Hello and good luck to you also}  
3.c3 g6 4.e3 Bf5 5.Qb3 Rb8 6.c4 e6 7.Nc3 Nge7 
8.Be2 a5 9.O-O h5 10.Ne5 Nxe5 11.dxe5 c6 12.Rd1 h4 
13.h3 g5 14.e4 Bg6 15.Bxg5 b6 16.exd5 Bh6 17.Bxe7 
Qxe7 18.dxc6 Qg5 19.Rd7 Bf5 20.Bf3 Bxh3 21.Ne4 Qf4 
22.Nd6+ Kf8 23.Rxf7+ Qxf7 24.Nxf7 Rg8 25.Nxh6 Rg5 
26.Qa3+ Kg7 27.Qe7+ Kxh6 28.Rd1 Rbg8 29.Qf6+ R8g6 
30.Qh8+ 1-0

[Event "HCL-B172"]
[Site "www.playchess.de"]
[Date "2001.03.05"]
[Round "13"]
[White "jalal"]
[Black "Nulnulnix"]
[WhiteElo "1500"]
[BlackElo "945"]
[PlyCount "51"]
[Result "1-0"]

1.f4 d5 2.Nf3 Nc6 3.d3 Bg4 4.e3 e5 5.Be2 e4 6.dxe4 
dxe4 7.Ng5 Bxe2 8.Qxe2 f5 9.O-O Nf6 10.Rd1 Bd6 
11.b3 a6 12.Bb2 Qe7 13.Nc3 O-O-O 14.a3 h6 15.Nh3 
Ng4 16.Nf2 Qf6 17.Nxg4 fxg4 18.Qxg4+ Kb8 19.b4 g5 
20.Na4 Ne5 21.fxe5 Bxe5 22.Bxe5 Qxe5 23.Nc5 Rxd1+ 
24.Rxd1 Qc3 25.Qxe4 c6 26.Qe7 1-0

[Event "HCL-C183"]
[Site "www.playchess.de"]
[Date "2001.03.05"]
[Round "4"]
[White "sonnyspock"]
[Black "Tigger"]
[WhiteElo "1139"]
[BlackElo "1000"]
[PlyCount "34"]
[Result "0-1"]

1.e4 e5 {Hello from Wiesbade Germany!}  2.Nf3 Nc6 
3.Bc4 Bc5 4.O-O Nf6 5.d3 O-O 6.Bb3 d6 7.c3 Bg4 
{sorry for my late response, I was ill the last 
days.}  8.Bg5 {I hope you feel better now.}  Qe7 
9.Nbd2 Nd8 10.h3 Bh5 11.Qc2 Ne6 12.g4 Nxg5 13.Nxg5 
Nxg4 14.Ndf3 Nxf2 15.Rxf2 Be3 16.Bd5 c6 17.Bb3 
h6 0-1

[Event "HCL-A078"]
[Site "www.playchess.de"]
[Date "2001.03.05"]
[Round "16"]
[White "GEL"]
[Black "bondegnasker"]
[WhiteElo "1700"]
[BlackElo "1610"]
[PlyCount "28"]
[Result "0-1"]

1.d4 Nf6 2.c4 c5 3.d5 b5 4.cxb5 a6 5.bxa6 Bxa6 
6.Nc3 d6 7.e4 Bxf1 8.Kxf1 g6 9.Nf3 {Am not 
familiar with Benko}  Bg7 {Me neither! Sometimes 
you have to try something new.}  10.g3 O-O 11.Kg2 
Nbd7 12.h3 Ra7 13.Bd2 Qa8 14.a4 
Rb8 0-1

[Event "HCL-A078"]
[Site "www.playchess.de"]
[Date "2001.03.05"]
[Round "18"]
[White "GEL"]
[Black "teenspirit"]
[WhiteElo "1700"]
[BlackElo "1732"]
[PlyCount "22"]
[Result "0-1"]

1.e4 e6 {HI!}  2.d4 d5 3.Nd2 Nf6 4.e5 Nfd7 5.f4 c5 
6.c3 Nc6 7.Ndf3 Qb6 8.Ne2 Be7 9.dxc5 Nxc5 10.Qc2 
{Whew!!!}  Bd7 {? :)}  11.Be3 Qd8 0-1

[Event "HCL-A079"]
[Site "www.playchess.de"]
[Date "2001.03.05"]
[Round "32"]
[White "One_i"]
[Black "klypp"]
[WhiteElo "1600"]
[BlackElo "2119"]
[PlyCount "54"]
[Result "1/2-1/2"]

1.d4 {good luck to you from Canada}  Nf6 2.Nf3 c5 
{Good luck to you from Norway!}  3.d5 b5 4.Bg5 Bb7 
5.Bxf6 gxf6 6.e4 a6 7.a4 b4 8.a5 d6 9.Nbd2 Nd7 
10.Nc4 Rg8 11.g3 Rb8 12.Bh3 Bg7 13.Nh4 Nf8 14.Nf5 
Bc8 15.Qg4 Bxf5 16.exf5 Qc7 17.O-O Nd7 18.Rfe1 Ne5 
19.Qe2 Nxc4 20.Qxc4 Rb5 21.Qe4 Rb7 22.Bf1 Ra7 
23.b3 Qd7 24.Bc4 Qc8 25.Qf4 Qd8 26.Re3 Kf8 27.Re4 
Ke8 1/2-1/2

[Event "HCL-B164"]
[Site "www.playchess.de"]
[Date "2001.03.05"]
[Round "12"]
[White "Vampyr"]
[Black "serpens"]
[WhiteElo "1728"]
[BlackElo "1500"]
[PlyCount "35"]
[Result "1-0"]

1.e4 e6 2.d4 d5 3.Nc3 dxe4 4.Nxe4 Qd5 5.Bd3 Nf6 
6.Nxf6+ gxf6 7.Nf3 {c}  Rg8 8.Be3 Rxg2 9.c4 Qh5 
10.a3 Bd7 11.Be4 Bc6 12.d5 exd5 13.cxd5 Bb5 14.d6 
Bc6 15.dxc7 Nd7 16.Bxc6 bxc6 17.Qe2 Qa5+ 
18.Bd2+ 1-0

[Event "ACL-A097"]
[Site "www.playchess.de"]
[Date "2001.03.05"]
[Round "8"]
[White "esad"]
[Black "Vampyr"]
[WhiteElo "1500"]
[BlackElo "1100"]
[PlyCount "72"]
[Result "0-1"]

1.e4 c5 2.c3 Qa5 3.Nf3 Nc6 4.Be2 d6 5.O-O g6 6.h3 
Bg7 7.d4 Qb6 8.d5 Ne5 9.Be3 Qxb2 10.Nxe5 Bxe5 
11.Nd2 Qxc3 12.Bb5+ Bd7 13.Bxd7+ Kxd7 14.Qa4+ Kd8 
15.Rac1 Qb4 16.Qxb4 cxb4 17.Rcb1 a5 18.Nc4 Bg7 
19.Bb6+ Ke8 20.Nxa5 Nf6 21.Rxb4 Nd7 22.Bc7 Bc3 
23.Rc4 Bxa5 24.Bxa5 Nc5 25.e5 Rxa5 {and your 
bishop??}  26.Ra1 Kd7 27.exd6 exd6 {i think you 
should give up!}  28.Rf4 f5 29.a4 Rha8 30.Rh4 h5 
{i win}  31.g4 R5xa4 32.Re1 fxg4 33.hxg4 Rxg4+ 
34.Rxg4 hxg4 35.Kg2 Ra4 36.Rh1 
Ke7 0-1

[Event "HCL-B164"]
[Site "www.playchess.de"]
[Date "2001.03.05"]
[Round "19"]
[White "Gruhni"]
[Black "MP"]
[WhiteElo "1369"]
[BlackElo "1566"]
[PlyCount "77"]
[Result "1-0"]

1.e4 c5 2.Nf3 Nc6 3.c3 Nf6 4.e5 Ng4 5.d4 cxd4 
6.cxd4 d6 7.h3 Nh6 8.Bxh6 gxh6 9.Bb5 Bd7 10.Bxc6 
Bxc6 11.O-O Bg7 12.Nc3 dxe5 13.Nxe5 Bxe5 14.dxe5 
Qxd1 15.Raxd1 Rd8 16.Rxd8+ Kxd8 17.Rd1+ Kc7 
18.Nd5+ Bxd5 19.Rxd5 Rd8 20.Rxd8 Kxd8 21.f4 Kd7 
22.Kf2 Ke6 23.Ke3 Kd5 24.Kd3 a5 25.a4 {Let's play 
some moves...}  Kc5 26.Kc3 Kd5 27.b4 b6 28.bxa5 
bxa5 {a few more moves}  29.Kd3 h5 30.g3 e6 31.Kc3 
Kc5 32.g4 hxg4 33.hxg4 h6 34.Kd3 Kb4 35.f5 exf5 
{Very good move}  36.gxf5 {I try my best!}  Kc5 
37.Ke4 {... but I think you're playing well too!}  
h5 38.f6 h4 39.e6 1-0

[Event "HCL-B164"]
[Site "www.playchess.de"]
[Date "2001.03.05"]
[Round "32"]
[White "Gruhni"]
[Black "Bill"]
[WhiteElo "1369"]
[BlackElo "1038"]
[PlyCount "64"]
[Result "0-1"]

1.e4 e5 2.Nf3 Nc6 3.Bb5 a6 4.Ba4 Nf6 5.d3 d6 6.Nc3 
Be7 {I'll be away Feb 19 - 23}  7.O-O Bg4 8.h3 Bh5 
9.Bxc6+ bxc6 10.Ne2 Bxf3 11.gxf3 {No, you're 
playing chess!}  Qd7 {I leave in 1/2 hour return 
late Friday}  12.Kh2 O-O 13.Rg1 d5 14.Ng3 g6 
{gotta run}  15.f4 {Bye!}  Bd6 16.fxe5 Bxe5 17.Qf3 
dxe4 18.dxe4 Qe6 19.Bf4 Bxb2 20.Rab1 Be5 21.Bxe5 
Qxe5 22.Kh1 Rfe8 23.Rbe1 Rab8 24.Qe3 Rb2 25.f4 Qe6 
26.f5 Qxa2 27.fxg6 fxg6 28.Nf5 Rxc2 29.Nh6+ Kg7 
30.Nf5+ Kh8 31.Qg3 Nxe4 32.Rxe4 
Qd5 0-1

[Event "ACL-A085"]
[Site "www.playchess.de"]
[Date "2001.03.05"]
[Round "4"]
[White "serpens"]
[Black "vrad"]
[WhiteElo "1500"]
[BlackElo "1601"]
[PlyCount "32"]
[Result "0-1"]

1.e4 e5 2.Nf3 Nc6 3.Bc4 Nf6 4.d4 exd4 5.O-O d6 
6.Bg5 Bg4 7.Qd3 Bxf3 8.Qxf3 Ne5 9.Qb3 Nxc4 10.Qxc4 
c5 11.Re1 Be7 12.e5 dxe5 13.f4 Ng4 14.h3 Ne3 
15.Qb5+ Qd7 16.Qb3 Bxg5 0-1

[Event "HCL-C185"]
[Site "www.playchess.de"]
[Date "2001.03.05"]
[Round "19"]
[White "Davey"]
[Black "foxzy"]
[WhiteElo "1000"]
[BlackElo "1000"]
[PlyCount "24"]
[Result "0-1"]

1.e4 e5 2.Qf3 Nc6 3.Bc4 Nf6 4.Qb3 d5 5.exd5 Nd4 
6.Qa4+ Bd7 7.Qb5 Bxb5 8.Bxb5+ Nxb5 9.Nc3 Nxc3 
10.bxc3 Qxd5 11.f3 O-O-O 12.Ne2 
Bc5 0-1

[Event "HCL-B185"]
[Site "www.playchess.de"]
[Date "2001.03.05"]
[Round "20"]
[White "real1"]
[Black "jack-up"]
[WhiteElo "1200"]
[BlackElo "1543"]
[PlyCount "44"]
[Result "0-1"]

1.c4 {hello, good luck}  e5 {hello good luck to 
you too}  2.Nc3 Bc5 3.Nf3 Nc6 4.e3 b6 5.d4 exd4 
6.exd4 Bb4 7.Qe2+ Nge7 8.g3 Bb7 9.d5 Na5 10.Bg2 
O-O 11.O-O Ba6 12.Nd2 Nf5 13.Nb3 Bxc4 14.Qc2 Bxf1 
15.Kxf1 Qf6 16.d6 c6 17.Ne4 Qe6 18.Bf4 Rae8 
19.Nxa5 Bxa5 20.a3 b5 21.Nc5 Qe1+ 22.Rxe1 
Rxe1+ 0-1

[Event "HCL-C194"]
[Site "www.playchess.de"]
[Date "2001.03.05"]
[Round "5"]
[White "surak"]
[Black "spinny33"]
[WhiteElo "1256"]
[BlackElo "1000"]
[PlyCount "29"]
[Result "1-0"]

1.e4 Nf6 {hi}  2.e5 {hello}  d5 3.exf6 exf6 4.Nf3 
Bd6 5.d4 O-O 6.Be2 Qe8 7.O-O Bd7 8.Re1 f5 9.Bc4 
Be6 10.Bxd5 Qb5 11.Bxe6 fxe6 12.Rxe6 Re8 13.Qe1 
Bb4 14.Rxe8+ Kf7 15.Qe6+ 1-0

[Event "ACL-A085"]
[Site "www.playchess.de"]
[Date "2001.03.05"]
[Round "21"]
[White "chessnut"]
[Black "King_Kong"]
[WhiteElo "1501"]
[BlackElo "900"]
[PlyCount "21"]
[Result "1-0"]

1.c4 d5 2.cxd5 Qxd5 3.Nc3 Qh5 4.d4 Nc6 5.d5 Nb4 
6.Qa4+ Bd7 7.Qxb4 O-O-O 8.Qd4 e5 9.Qxa7 c6 10.Be3 
e4 11.Qa8+ 1-0

[Event "HCL-A080"]
[Site "www.playchess.de"]
[Date "2001.03.05"]
[Round "1"]
[White "peze"]
[Black "Blitzmich"]
[WhiteElo "1970"]
[BlackElo "1844"]
[PlyCount "107"]
[Result "1-0"]

1.e4 {Hallo Ralf! Glückwunsch zum Turniersieg und 
Aufstieg in Klasse A}  e5 {Danke! Ich freue mich 
auf unser Spiel. Gruß Ralf}  2.Nf3 Nc6 3.Bb5 Nf6 
4.O-O Nxe4 5.d4 exd4 6.Re1 f5 7.Nxd4 Nxd4 8.Qxd4 
c6 9.f3 b6 10.Qe5+ Qe7 11.Qxf5 Qc5+ 12.Qxc5 Bxc5+ 
13.Be3 O-O 14.Bxc6 dxc6 15.fxe4 Bd6 16.a4 Ba6 
17.Nd2 Be5 18.Ra2 Bc7 19.b4 Rad8 20.c4 Rd7 21.c5 
b5 22.Nf3 bxa4 23.Rxa4 Bb5 24.Raa1 a6 25.e5 Re7 
26.Bd4 Rfe8 27.Kf2 h6 28.h4 Rf8 29.Bc3 g6 30.Rac1 
Bd3 31.Re3 Bc4 32.Ra1 Re6 33.g4 Rf7 34.Kg2 Kf8 
35.g5 h5 36.Kg3 Ree7 37.Nd2 Bb5 38.Rae1 Rf5 39.Rf3 
Rxf3+ 40.Kxf3 Rf7+ 41.Kg3 Rf5 42.Re4 Ke7 43.Nf3 
{...wie gewinnt man nur diese Partie?}  Ke6 
{...durch Matt !? ;)}  44.Nd4+ {...wer ? ...wo ? 
...bin ich matt ? :-))}  Kd5 45.Nxf5 Kxe4 46.Ne7 
Kd3 47.Ba1 Kc4 48.Nxg6 Kxb4 49.Nf4 Kxc5 50.g6 
{Hallo Ralf, willst Du den Rest noch seh'n ? Gruß 
Peter}  Bc4 {Ja, klar!}  51.Nxh5 {...mußt Du Zeit 
haben!}  Ba5 {...Du nicht?}  52.Nf4 {...X-Zeit : 
X-Spiele = wenig Zeit, sehr frei nach A.Riese ;-)} 
 Bg8 {Spiel doch h5 ;-) da geht es schneller!}  
53.h5 {...jetzt ist h5 sinnvoll. :-)}  Be1+ {...es 
ist sicher auch sinnvoll aufzugeben! Ich 
gratuliere Dir!}  54.Kg4 {Ich danke Dir. Wir haben 
ja noch eine Partie. Gruß Peter} 
 1-0

[Event "HCL-E029"]
[Site "www.playchess.de"]
[Date "2001.03.05"]
[Round "8"]
[White "DKCozy"]
[Black "klypp"]
[WhiteElo "1711"]
[BlackElo "2132"]
[PlyCount "60"]
[Result "0-1"]

1.f4 e5 2.e4 {Lets have fun :)}  exf4 {sure!}  
3.Nf3 {I seem to remember we have meet before :)}  
g5 {Sure, my first win here! You played Owen's 
defence, which I believe is too slow to equalize}  
4.Bc4 {I do have a 75% win with Owen so its not 
that bad !}  g4 {I see! My experience is: Develop 
pieces fast and natural, push central pawns. It 
just breaks!}  5.O-O {This is going to be A who 
comes first :-)}  gxf3 {:)}  6.Qxf3 Qf6 7.d3 {In 
this wariant I know my teory !}  Nc6 {It's new to 
me and the encyclpedia doesn't look good at all 
here... This can be very interesting!}  8.Bxf4 d6 
9.Nc3 Be6 10.Nd5 Bxd5 11.exd5 {Its hard to see, 
but white have some comp for the officer ?}  Nce7 
12.Bb5+ Kd8 {Sure! This is still a fight!}  13.Bd2 
Qxf3 14.Rxf3 f6 15.Raf1 Nxd5 16.Bc4 Nge7 17.Bxd5 
Nxd5 18.c4 Nb6 19.R3xf6 Bg7 20.R6f7 Bxb2 21.Bg5+ 
Kc8 22.Re7 Bd4+ 23.Kh1 Rb8 24.Rff7 Na8 25.Rfxh7 
Rxh7 26.Rxh7 b5 27.cxb5 Rxb5 28.h4 Be5 29.Kg1 Rd5 
30.g4 Rxd3 0-1

[Event "HCL-C188"]
[Site "www.playchess.de"]
[Date "2001.03.05"]
[Round "7"]
[White "ionutz"]
[Black "patzer"]
[WhiteElo "1000"]
[BlackElo "1205"]
[PlyCount "21"]
[Result "1/2-1/2"]

1.e4 {Hello}  e5 {Hello! Sorry, my English is to 
poor to talk with you...}  2.Nf3 Nc6 3.Bc4 {Wie 
geht es Ihnen? Ich spreche etwas Deutsch...:)}  
Nf6 {Danke, mir geht es gut! Bei Dir ist 
hoffentlich auch alles in Ordnung... :)}  4.d3 
{Sicher... Wo wohnst du? Bist du aus Berlin?}  Bc5 
{Ich wohne in Mainz. Warst Du schon in 
Deutschland?}  5.c3 {Leider, nein. Wie alt bist 
du? Ich bin 19 und wohne in Kischinau.}  a6 {Ich 
werde bald 19! Woher kannst Du so gut deutsch?}  
6.Bb3 {Ich lerne Deutch mit meine Schwester. Sie 
ist Deutch Lehrerin. Bist du Student?}  Ba7 {Nein, 
ich bin zur Zeit Arbeitslos...}  7.Nbd2 {Es ist 
Shade... Und liebst du Fussball?}  b5 {Ich schaue 
gerne Fussball! Leider spielt Deutschland momentan 
nicht so gut...}  8.Nf1 {Ja... Aber, Moldawien 
spielt noch schlechter...:) Warum 'patzer'. Ist 
das deinen Namen?}  Bb7 {"patzer" weil mir nichts 
anderes eingefallen ist. :) - Am Dienstag spielt 
Frankreich - Deutschland.}  9.Ng3 {Das ist gut. 
Leider kann ich nicht diese Spiel sehen:( Und du 
spiel gut... 4,0...:)}  O-O {Spielst Du schon 
lange Schach?}  10.Bg5 {3 Jahre. Du? Es ist spat, 
dass Deutschland so spielt...0-1...}  h6 {1 Jahr. 
- Deutschland hat aber besser gespielt als bei der 
Euro2000 :)}  11.Be3 {Und England '96 mit 
Klinsmann und Zammer? :) Du bist erst in unser 
Grup...}  1/2-1/2

[Event "HCL-C188"]
[Site "www.playchess.de"]
[Date "2001.03.05"]
[Round "19"]
[White "nikolayk"]
[Black "lsoule"]
[WhiteElo "1401"]
[BlackElo "908"]
[PlyCount "71"]
[Result "1-0"]

1.e4 c5 2.Nf3 d6 3.d4 cxd4 4.Qxd4 Nc6 5.Qc3 Nf6 
6.Bb5 Bd7 7.Qc4 e6 8.Bg5 Be7 9.Nc3 a6 10.Bxc6 bxc6 
11.O-O-O d5 12.exd5 cxd5 13.Qd4 Rb8 14.Ne5 O-O 
15.Qa7 h6 16.Bxf6 Ra8 17.Bxe7 Rxa7 18.Bxd8 Rxd8 
19.Nxd7 Raxd7 20.Rhe1 Rb7 21.Rd3 Rdb8 22.b3 Kf8 
23.Ne2 R7b5 24.f4 Ra5 25.Kb2 Rc5 26.Nd4 a5 27.a3 
Re8 28.Nf3 g5 29.fxg5 hxg5 30.Nxg5 Ke7 31.h4 Rec8 
32.Re2 Rb5 33.g4 a4 34.b4 Rh8 35.Rf3 Rxh4 
36.Rxf7+ 1-0

[Event "ACL-A103"]
[Site "www.playchess.de"]
[Date "2001.03.05"]
[Round "7"]
[White "ADRIAN"]
[Black "Dr_Marinko"]
[WhiteElo "1500"]
[BlackElo "1500"]
[PlyCount "57"]
[Result "1-0"]

1.e4 {good luck!}  e5 {hi...good luck!}  2.Nf3 Nc6 
3.Bc4 h6 4.O-O Bc5 5.c3 d6 6.d4 Bb6 7.dxe5 Bg4 
8.exd6 cxd6 9.Re1 Ne5 10.Bb5+ Nc6 11.Nbd2 Nge7 
12.Nc4 Bc7 13.h3 Bh5 14.Bf4 O-O 15.Bxd6 Bxf3 
16.Qxf3 Bxd6 17.Rad1 Nc8 18.Bxc6 Qc7 19.e5 Be7 
20.Bxb7 Rb8 21.Bc6 Nb6 22.Nxb6 Rxb6 23.Rd7 Qxc6 
24.Qxc6 Rxc6 25.Rxe7 a6 26.Rd1 Rb6 27.b3 Re6 
28.Rxe6 fxe6 29.Rd6 1-0

[Event "HCL-C181"]
[Site "www.playchess.de"]
[Date "2001.03.05"]
[Round "18"]
[White "foxzy"]
[Black "Unsui"]
[WhiteElo "999"]
[BlackElo "1000"]
[PlyCount "55"]
[Result "1-0"]

1.d4 e6 2.c4 Nf6 3.g3 d5 4.cxd5 Nxd5 5.Bg2 Nc6 
6.Nf3 Nf6 7.O-O Nb4 8.Nc3 c6 9.a3 Nbd5 10.Nxd5 
cxd5 11.Bg5 Be7 12.Ne5 O-O 13.e3 Ne4 14.Bxe7 Qxe7 
15.Bxe4 dxe4 16.Qg4 f5 17.Qh5 b6 18.f3 Bb7 19.fxe4 
Bxe4 20.Rf4 Bd3 21.Nxd3 Rad8 22.Ne5 g6 23.Qh6 Rdc8 
24.Rh4 Rc2 25.Nxg6 Qf7 26.Nxf8 Re2 27.Nxh7 Rxe3 
28.Nf6+ 1-0

[Event "HCL-C200"]
[Site "www.playchess.de"]
[Date "2001.03.05"]
[Round "10"]
[White "foxzy"]
[Black "flywheel"]
[WhiteElo "614"]
[BlackElo "1211"]
[PlyCount "107"]
[Result "1-0"]

1.e4 e5 2.Nf3 Nc6 3.d4 d5 4.exd5 Qxd5 {Good Night} 
 5.Nc3 {Good night!}  Bb4 6.Bd2 Bxc3 7.Bxc3 Bg4 
8.Be2 exd4 9.Bxd4 Nxd4 10.Qxd4 Qxd4 11.Nxd4 Bxe2 
12.Nxe2 O-O-O 13.O-O Nf6 14.Rad1 h5 15.c4 Ne4 
16.f3 Nc5 17.Nf4 g5 18.Nd5 g4 19.fxg4 hxg4 20.Rxf7 
Ne6 21.Re1 Rd7 22.Rxd7 Kxd7 23.Nf6+ Kd6 24.Nxg4 
{Hello! I'm in Princeton. Where are you?}  Rh4 
{I'm from Fort Dodge, Iowa}  25.Rd1+ Kc5 26.Ne5 c6 
27.a3 Re4 28.b4+ Kb6 29.Nd7+ Kc7 30.c5 {Are you a 
student?}  b5 {No, I'm 33 years old, I sure would 
go back to collage if I had a chance to go to 
Princeton:)}  31.Nf6 {I'm sorry.}  Re3 {It's o.k. 
I'm glad your there. Are you from China?}  32.Ne8+ 
{Yes.}  Kc8 {Have you ever been to the United 
States?}  33.Rd6 {No. It my first time to US. I 
came here six months ago.}  Nd8 {do you like it in 
the U.S.?}  34.g4 Rxa3 35.Kg2 Rb3 36.Rd4 Ne6 
37.Re4 {Good morning!}  Ng5 {tie?}  38.Rf4 {Play 
more moves.}  Kd7 {I'm back, where are you now?}  
39.Nf6+ {I'm in my office.}  Ke6 {How old and wath 
do you do?}  40.Nh5 {I'm in Princeton, NJ. I'm 
visiting Princeton University.}  Ke5 {What do you 
do?}  41.Rf5+ {I'm doing some academic research.}  
Ke4 {For who?}  42.Rxg5 Rb2+ {about what?}  43.Kh3 
{Recently, I'm studying some problems about 
computational materials.}  Kf3 {cool}  44.Rf5+ 
{What about your job?}  Ke4 {I'm in charge of 
about 4 million in furniture}  45.Ng3+ {Well, you 
are really cool.}  Ke3 {It's for McGregors Iowa 
Furniture Leader.}  46.Re5+ {So, it seems that you 
are successful.}  Kf2 {Yes, it isn't to bad of a 
job. You too are doing good.}  47.Re4 Rb3 {Yes, 
but I'd like to get into the retail trade on my 
own. I have good contacts.}  48.g5 {I hope that 
you can realize your all wishes.}  Ra3 {Thanks}  
49.g6 {But maybe you will lose this game. :)}  a5 
{Yep, Your good for a beginner. I just joined 3 
more tournaments, maybe you'll join and play 
again.}  50.g7 {So you can not prevent my pawn to 
be a Queen now.}  a4 {Is it getting hot in here?}  
51.g8Q {%}  Rf3 52.Qa2+ {I think so.}  Kg1 {good 
game. See you around:)}  53.Re1+ {Thanks. :)}  Rf1 
54.Rxf1+ {See you.}  1-0